000 00247 a2200097 4500
001 40812
100 _aLexicon Pubs
245 _aLexicon Universal Encyclopedia (Vol-11)
260 _aNew York
_bLexicon Publications Inc.
_c
090 _c25074
_d25074
942 _aNUST-CAE
_cM
_c16752
999 _c275885
_d275885